[Event "Sonipat Prakash Singh Memorial 1st"]
[Site "Sonipat"]
[Date "2017.04.21"]
[Round "9"]
[White "Negi, Virender Singh"]
[Black "Himanshu, Ranjan"]
[Result "0-1"]
[WhiteElo "1916"]
[BlackElo "1824"]
[PlyCount "34"]
[EventDate "2017.04.17"]
[EventType "swiss"]
[EventRounds "10"]
[EventCountry "IND"]
[SourceTitle "CBM 177 Extra"]
[Source "ChessBase"]
[SourceDate "2017.04.27"]
[SourceVersion "1"]
[SourceVersionDate "2017.04.27"]
[SourceQuality "1"]

1. Nf3 Nf6 2. c4 e6 3. g3 d5 4. Bg2 c5 5. 0-0 Nc6 6. b3 Be7 7. d3 0-0 8. cxd5 exd5 9. Bb2 h6 10. Nbd2 Bf5 11. Ne5 Nxe5 12. Bxe5 Qa5 13. Qc2 Rfd8 14. Rad1 Rac8 15. h3 c4 16. bxc4 dxc4 17. e4 cxd3 0-1

[Event "Sonipat Prakash Singh Memorial 1st"]
[Site "Sonipat"]
[Date "2017.04.18"]
[Round "4"]
[White "Sharma, Dinesh Kumar"]
[Black "Negi, Virender Singh"]
[Result "1-0"]
[WhiteElo "2262"]
[BlackElo "1916"]
[PlyCount "73"]
[EventDate "2017.04.17"]
[EventType "swiss"]
[EventRounds "10"]
[EventCountry "IND"]
[SourceTitle "CBM 177 Extra"]
[Source "ChessBase"]
[SourceDate "2017.04.27"]
[SourceVersion "1"]
[SourceVersionDate "2017.04.27"]
[SourceQuality "1"]

1. e4 c5 2. Nf3 d6 3. Bc4 Nf6 4. d3 Nc6 5. c3 e6 6. Bb3 Be7 7. 0-0 b6 8. Re1 Bb7 9. d4 cxd4 10. cxd4 d5 11. e5 Ne4 12. a3 0-0 13. Nbd2 Nxd2 14. Bxd2 Qd7 15. Bg5 Na5 16. Bc2 Ba6 17. h4 Rac8 18. b4 Nc6 19. Be3 Bc4 20. Ng5 Bxg5 21. hxg5 f5 22. gxf6 gxf6 23. Qg4+ Kh8 24. exf6 Rxf6 25. Bg5 Rf7 26. Bxh7 Kxh7 27. Rxe6 Rg7 28. Qh5+ Kg8 29. Rae1 Rf8 30. Rh6 Rh7 31. Ree6 Bd3 32. Rxh7 Bxh7 33. Rh6 Qf5 34. Rxc6 Qxf2+ 35. Kh2 Qxd4 36. Bh6 Ra8 37. Rc7 1-0

[Event "Chennai op 9th"]
[Site "Chennai"]
[Date "2017.01.25"]
[Round "10"]
[White "Arpan, Das Jr"]
[Black "Negi, Virender Singh"]
[Result "1-0"]
[WhiteElo "1752"]
[BlackElo "1976"]
[PlyCount "37"]
[EventDate "2017.01.18"]
[EventType "swiss"]
[EventRounds "10"]
[EventCountry "IND"]
[SourceTitle "CBM 176 Extra"]
[Source "ChessBase"]
[SourceDate "2017.03.02"]
[SourceVersion "1"]
[SourceVersionDate "2017.03.02"]
[SourceQuality "1"]

1. e4 c5 2. Nf3 d6 3. d4 cxd4 4. Nxd4 Nf6 5. Nc3 a6 6. h3 e6 7. g4 Be7 8. Bg2 Nfd7 9. 0-0 b5 10. Nce2 Bb7 11. Ng3 Nb6 12. b3 0-0 13. Bb2 Qc7 14. Nh5 g6 15. Qd2 g5 16. h4 Qd8 17. Nf5 e5 18. f4 Nc6 19. fxe5 1-0